[Event "GER-ch49 V05 email"]
[Site "GER email"]
[Date "2017.04.03"]
[Round "?"]
[White "Boos, Markus"]
[Black "Sabel, Reinhard"]
[Result "1/2-1/2"]
[WhiteElo "2376"]
[BlackElo "2340"]
[PlyCount "67"]
[EventDate "2017.??.??"]
[EventType "tourn (corr)"]
[EventRounds "10"]
[EventCountry "GER"]
[SourceTitle "Corr 2020"]
[Source "ChessBase"]
[SourceDate "2019.09.30"]
[SourceVersion "1"]
[SourceVersionDate "2019.09.30"]
[SourceQuality "1"]

1. d4 d5 2. c4 e6 3. Nf3 Nf6 4. g3 Be7 5. Bg2 0-0 6. 0-0 dxc4 7. Qc2 a6 8. a4 Bd7 9. Qxc4 Bc6 10. Bf4 a5 11. Nc3 Na6 12. Rac1 Nb4 13. Ne5 Bxg2 14. Kxg2 Nfd5 15. Nxd5 Nxd5 16. Bd2 c6 17. Rfd1 f5 18. Qb3 Qb6 19. Qd3 Qd8 20. Nc4 Nb4 21. Qe3 Qd5+ 22. f3 Ra6 23. b3 Na2 24. Rc2 Nb4 25. Rcc1 Na2 26. Rb1 Nb4 27. Bc3 Qd7 28. Qd2 Nd5 29. Bxa5 b5 30. Ne5 Qb7 31. axb5 cxb5 32. b4 h6 33. e3 Bd6 34. Nd3 1/2-1/2

[Event "GER-ch49 V05 email"]
[Site "GER email"]
[Date "2017.04.03"]
[Round "?"]
[White "Geissler, Walter"]
[Black "Sabel, Reinhard"]
[Result "1/2-1/2"]
[WhiteElo "2348"]
[BlackElo "2340"]
[PlyCount "44"]
[EventDate "2017.??.??"]
[EventType "tourn (corr)"]
[EventRounds "10"]
[EventCountry "GER"]
[SourceTitle "Corr 2020"]
[Source "ChessBase"]
[SourceDate "2019.09.30"]
[SourceVersion "1"]
[SourceVersionDate "2019.09.30"]
[SourceQuality "1"]

1. e4 e5 2. Nf3 Nc6 3. d4 exd4 4. Nxd4 Nf6 5. Nc3 Bb4 6. Nxc6 bxc6 7. Bd3 d5 8. exd5 cxd5 9. 0-0 0-0 10. Bg5 c6 11. Qf3 Bd6 12. Rae1 Rb8 13. Nd1 h6 14. Bxf6 Qxf6 15. Qxf6 gxf6 16. b3 Bd7 17. Re3 Kg7 18. h3 Be6 19. Rf3 d4 20. c3 Bd5 21. Rf5 Be6 22. Rf3 Bd5 1/2-1/2

[Event "GER-ch49 V05 email"]
[Site "GER email"]
[Date "2017.04.03"]
[Round "?"]
[White "Langer, Raimund"]
[Black "Sabel, Reinhard"]
[Result "1/2-1/2"]
[WhiteElo "2420"]
[BlackElo "2340"]
[PlyCount "89"]
[EventDate "2017.??.??"]
[EventType "tourn (corr)"]
[EventRounds "10"]
[EventCountry "GER"]
[SourceTitle "Corr 2020"]
[Source "ChessBase"]
[SourceDate "2019.09.30"]
[SourceVersion "1"]
[SourceVersionDate "2019.09.30"]
[SourceQuality "1"]

1. d4 d5 2. c4 e6 3. Nc3 Nf6 4. Nf3 c6 5. Bg5 Nbd7 6. e3 Be7 7. cxd5 exd5 8. Qc2 0-0 9. Bd3 Re8 10. 0-0 Nf8 11. h3 g6 12. Bh6 Bd6 13. Rab1 Ne6 14. b4 a6 15. a4 Kh8 16. Ng5 Qe7 17. Nxe6 Bxe6 18. Bg5 h6 19. Bh4 Kg7 20. Ne2 Bd7 21. Qd2 g5 22. Bg3 Bxg3 23. Nxg3 h5 24. Rbe1 Qd6 25. a5 h4 26. e4 Qf4 27. Qxf4 gxf4 28. e5 hxg3 29. exf6+ Kxf6 30. Rxe8 gxf2+ 31. Rxf2 Rxe8 32. Rxf4+ Kg7 33. Kf2 b6 34. h4 bxa5 35. bxa5 c5 36. Bxa6 Ra8 37. Bb7 Rxa5 38. Bxd5 f5 39. dxc5 Rxc5 40. Bf3 Kf6 41. Rb4 Be6 42. Kg3 Rc4 43. Rxc4 Bxc4 44. Kf4 Bd3 45. Bc6 1/2-1/2

[Event "GER-ch49 V05 email"]
[Site "GER email"]
[Date "2017.04.03"]
[Round "?"]
[White "Sabel, Reinhard"]
[Black "Fischer, Detlev"]
[Result "1/2-1/2"]
[WhiteElo "2340"]
[BlackElo "2311"]
[PlyCount "66"]
[EventDate "2017.??.??"]
[EventType "tourn (corr)"]
[EventRounds "10"]
[EventCountry "GER"]
[SourceTitle "Corr 2020"]
[Source "ChessBase"]
[SourceDate "2019.09.30"]
[SourceVersion "1"]
[SourceVersionDate "2019.09.30"]
[SourceQuality "1"]

1. d4 d5 2. c4 c6 3. Nf3 e6 4. Nc3 dxc4 5. a4 Bb4 6. e3 c5 7. Bxc4 Nf6 8. 0-0 cxd4 9. exd4 0-0 10. Qe2 Nc6 11. Rd1 Nd5 12. Bd2 Qa5 13. Rac1 Bd7 14. Bb3 Rac8 15. h3 Rfe8 16. Qd3 Nce7 17. Ne5 Bc6 18. Bc2 Ng6 19. Nxc6 bxc6 20. h4 Red8 21. h5 Ndf4 22. Bxf4 Nxf4 23. Qxh7+ Kf8 24. h6 Qg5 25. Qxg7+ Qxg7 26. hxg7+ Kxg7 27. Kf1 Bxc3 28. bxc3 Rh8 29. Ke1 Nxg2+ 30. Kd2 Nf4 31. Rh1 Rxh1 32. Rxh1 c5 33. Rh4 Nd5 1/2-1/2

[Event "Bayern-chI Bank Hofmann 19th"]
[Site "Bad Wiessee"]
[Date "2015.10.31"]
[Round "1"]
[White "Maletin, Pavel"]
[Black "Sabel, Reinhard"]
[Result "1-0"]
[WhiteElo "2581"]
[BlackElo "1961"]
[PlyCount "74"]
[EventDate "2015.10.31"]
[EventType "swiss"]
[EventRounds "9"]
[EventCountry "GER"]
[SourceTitle "CBM 169 Extra"]
[Source "ChessBase"]
[SourceDate "2015.12.18"]
[SourceVersion "1"]
[SourceVersionDate "2015.12.18"]
[SourceQuality "1"]

1. d4 d5 2. c4 e6 3. Nc3 Nf6 4. cxd5 exd5 5. Bg5 Nbd7 6. e3 c6 7. Bd3 Be7 8. Qc2 0-0 9. Nf3 Re8 10. h3 Nf8 11. Bf4 Nh5 12. Bh2 g6 13. g4 Ng7 14. 0-0-0 b5 15. Kb1 a5 16. Rc1 Bb7 17. h4 a4 18. h5 Qa5 19. hxg6 fxg6 20. Ne2 b4 21. Qd2 b3 22. a3 Qxd2 23. Nxd2 Ba6 24. Nf4 Bxd3+ 25. Nxd3 Rec8 26. Rc3 Nd7 27. Rhc1 c5 28. dxc5 Bf6 29. c6 Nb6 30. Be5 Bxe5 31. Nxe5 Ne6 32. Ndf3 Kf8 33. Nd4 Ke7 34. c7 Nxd4 35. exd4 Ra6 36. Rc6 Raa8 37. R6c3 Nd7 1-0

[Event "GER-chT11-B1 email"]
[Site "GER email"]
[Date "2015.10.15"]
[Round "?.3"]
[White "Hoppe, Frank"]
[Black "Sabel, Reinhard"]
[Result "1/2-1/2"]
[WhiteElo "2255"]
[BlackElo "2340"]
[PlyCount "112"]
[EventDate "2015.??.??"]
[EventType "tourn (corr)"]
[EventRounds "8"]
[EventCountry "GER"]
[SourceTitle "Corr 2017"]
[Source "ChessBase"]
[SourceDate "2017.09.19"]
[SourceVersion "1"]
[SourceVersionDate "2017.09.19"]
[SourceQuality "1"]
[WhiteTeam "SV Berolina Mitte"]
[BlackTeam "SF Kelkheim"]

1. d4 d5 2. c4 e6 3. Nf3 Nf6 4. Nc3 c6 5. Bg5 h6 6. Bxf6 Qxf6 7. e3 Nd7 8. Qc2 g6 9. Be2 Bg7 10. 0-0 0-0 11. a4 a5 12. Rad1 Qe7 13. Rfe1 Nf6 14. Ne5 Nd7 15. f4 Nxe5 16. fxe5 Qg5 17. Bf3 h5 18. Qb3 Rb8 19. cxd5 exd5 20. Kh1 Kh7 21. e4 c5 22. exd5 cxd4 23. Rxd4 Bxe5 24. Rde4 Bd6 25. Qb6 Qd8 26. Qd4 Bf5 27. R4e2 Rc8 28. g3 Bc5 29. Qf4 Qc7 30. Qh4 Kg7 31. Ne4 Qd8 32. Qf4 Bb4 33. Rd1 Re8 34. Qe3 Bxe4 35. Qd4+ Kg8 36. Rxe4 Bd6 37. Rf1 Rxe4 38. Qxe4 Qg5 39. Be2 Rc7 40. Qd4 Bc5 41. Qc3 h4 42. gxh4 Qxh4 43. Qf6 Qe4+ 44. Bf3 Qc4 45. Bg2 Bf8 46. Qb6 Qc5 47. Qxc5 Rxc5 48. d6 Bxd6 49. Bxb7 Rh5 50. Rf2 Kg7 51. Ba6 f5 52. Bf1 Kf6 53. h3 Rh4 54. b3 g5 55. Rd2 Bb4 56. Rd3 Ke5 1/2-1/2

[Event "GER-chT10 LJ-23 Br03 email"]
[Site "GER email"]
[Date "2013.10.04"]
[Round "?"]
[White "Alf, Henning"]
[Black "Sabel, Reinhard"]
[Result "1/2-1/2"]
[WhiteElo "2092"]
[BlackElo "2104"]
[PlyCount "96"]
[EventDate "2013.10.15"]
[EventType "tourn (corr)"]
[EventRounds "8"]
[EventCountry "GER"]
[SourceTitle "Corr 2020"]
[Source "ChessBase"]
[SourceDate "2019.09.30"]
[SourceVersion "1"]
[SourceVersionDate "2019.09.30"]
[SourceQuality "1"]

1. d4 d5 2. c4 e6 3. Nf3 Nf6 4. Nc3 c6 5. e3 Nbd7 6. Bd3 dxc4 7. Bxc4 b5 8. Be2 Bb7 9. e4 b4 10. e5 bxc3 11. exf6 Nxf6 12. bxc3 Bd6 13. Rb1 Qc7 14. Be3 0-0 15. 0-0 Ng4 16. h3 Nxe3 17. fxe3 c5 18. Kh1 Rab8 19. Qd3 Qe7 20. e4 Bc7 21. Rb3 Bb6 22. Qe3 Rfd8 23. Qg5 Qxg5 24. Nxg5 cxd4 25. Nxf7 Rf8 26. Bc4 Bc8 27. Nd6 Rxf1+ 28. Bxf1 dxc3 29. Rxc3 Bd7 30. Bb5 Bxb5 31. Nxb5 Rd8 32. Kh2 h5 33. h4 Rd2 34. Rc6 Rxa2 35. Rxe6 Rd2 36. e5 Bf2 37. Nd6 Re2 38. Nf5 Kf7 39. Re7+ Kg6 40. Nxg7 Bc5 41. Rd7 Rxe5 42. g4 hxg4 43. Kg3 a5 44. Kxg4 Re4+ 45. Kf3 Rxh4 46. Ne6 Bb4 47. Nf4+ Kf6 48. Rd4 Kf7 1/2-1/2

[Event "GER-chT10 LJ-23 Br03 email"]
[Site "GER email"]
[Date "2013.10.04"]
[Round "?"]
[White "Sabel, Reinhard"]
[Black "Diener, Reinhard"]
[Result "1/2-1/2"]
[WhiteElo "2115"]
[BlackElo "2016"]
[PlyCount "91"]
[EventDate "2013.10.15"]
[EventType "tourn (corr)"]
[EventRounds "8"]
[EventCountry "GER"]
[SourceTitle "Corr 2015"]
[Source "ChessBase"]
[SourceDate "2015.07.17"]
[SourceVersion "1"]
[SourceVersionDate "2015.07.17"]
[SourceQuality "1"]

1. d4 Nf6 2. c4 e6 3. g3 d5 4. Bg2 dxc4 5. Nf3 Nc6 6. Qa4 Bb4+ 7. Bd2 Nd5 8. Bxb4 Ndxb4 9. Nc3 Bd7 10. 0-0 a5 11. Qd1 0-0 12. e3 a4 13. Qe2 Na5 14. Ne5 Nd5 15. Nxd5 exd5 16. Bxd5 Bh3 17. Qf3 Bxf1 18. Bxf7+ Kh8 19. Rxf1 Nc6 20. Nxc6 bxc6 21. Qh5 Rb8 22. Bxc4 Rxb2 23. Bd3 g6 24. Bxg6 Qe7 25. Bb1 a3 26. h3 Qg7 27. g4 Rfb8 28. Qf5 Qe7 29. Qd3 Rf8 30. d5 Qf7 31. f4 cxd5 32. Qxa3 Rfb8 33. Bf5 d4 34. Qc5 dxe3 35. Re1 e2 36. a4 Re8 37. Kf2 Qf6 38. a5 Rb3 39. g5 Qc3 40. Qxc3+ Rxc3 41. Rxe2 Rxe2+ 42. Kxe2 Rc5 43. Bg4 Rxa5 44. Ke3 Ra4 45. h4 Kg7 46. Bf5 1/2-1/2

[Event "GER-chT10 LJ-23 Br03 email"]
[Site "GER email"]
[Date "2013.10.04"]
[Round "?"]
[White "Sabel, Reinhard"]
[Black "Keller, Harald"]
[Result "1/2-1/2"]
[WhiteElo "2115"]
[BlackElo "2190"]
[PlyCount "52"]
[EventDate "2013.10.15"]
[EventType "tourn (corr)"]
[EventRounds "8"]
[EventCountry "GER"]
[SourceTitle "Corr 2015"]
[Source "ChessBase"]
[SourceDate "2015.07.17"]
[SourceVersion "1"]
[SourceVersionDate "2015.07.17"]
[SourceQuality "1"]

1. d4 Nf6 2. c4 e6 3. Nf3 b6 4. g3 Ba6 5. b3 Bb4+ 6. Bd2 Be7 7. Bg2 c6 8. Bc3 d5 9. Nbd2 Nbd7 10. 0-0 0-0 11. Re1 c5 12. e4 dxe4 13. Nxe4 Bb7 14. Nfg5 cxd4 15. Bxd4 Qc7 16. Nxf6+ Bxf6 17. Bxf6 Nxf6 18. Bxb7 Qxb7 19. Qe2 Rfd8 20. Rad1 Qc7 21. Nf3 h6 22. Ne5 Rxd1 23. Rxd1 Rd8 24. Rxd8+ Qxd8 25. h4 Qd6 26. Qe3 Ne8 1/2-1/2

[Event "GER-chT10 LJ-23 Br03 email"]
[Site "GER email"]
[Date "2013.10.04"]
[Round "?"]
[White "Schmidt, Joerg"]
[Black "Sabel, Reinhard"]
[Result "1/2-1/2"]
[WhiteElo "1998"]
[BlackElo "2115"]
[PlyCount "41"]
[EventDate "2013.10.15"]
[EventType "tourn (corr)"]
[EventRounds "8"]
[EventCountry "GER"]
[SourceTitle "Corr 2015"]
[Source "ChessBase"]
[SourceDate "2015.07.17"]
[SourceVersion "1"]
[SourceVersionDate "2015.07.17"]
[SourceQuality "1"]

1. Nf3 d5 2. d4 Nf6 3. c4 e6 4. Nc3 c6 5. Bg5 h6 6. Bxf6 Qxf6 7. e3 g6 8. Qc2 Nd7 9. Bd3 Bg7 10. Rc1 0-0 11. 0-0 Qe7 12. Rfe1 dxc4 13. Bxc4 b6 14. a3 Bb7 15. Red1 Rfd8 16. Bd3 Rac8 17. Qe2 e5 18. Ba6 Bxa6 19. Qxa6 exd4 20. exd4 Nf8 21. d5 1/2-1/2

[Event "GER-chT10 LJ-23 Br03 email"]
[Site "GER email"]
[Date "2013.10.04"]
[Round "?"]
[White "Staroske, Uwe"]
[Black "Sabel, Reinhard"]
[Result "1/2-1/2"]
[WhiteElo "2131"]
[BlackElo "2115"]
[PlyCount "51"]
[EventDate "2013.10.15"]
[EventType "tourn (corr)"]
[EventRounds "8"]
[EventCountry "GER"]
[SourceTitle "Corr 2015"]
[Source "ChessBase"]
[SourceDate "2015.07.17"]
[SourceVersion "1"]
[SourceVersionDate "2015.07.17"]
[SourceQuality "1"]

1. e4 e5 2. Nf3 Nf6 3. d4 Nxe4 4. Bd3 d5 5. dxe5 Nc5 6. 0-0 Be7 7. Be2 0-0 8. Be3 c6 9. c4 dxc4 10. Bxc4 Nbd7 11. b4 Ne6 12. Qb3 a5 13. b5 a4 14. Qb2 a3 15. Qb3 Ndc5 16. Qc2 cxb5 17. Bxb5 Bd7 18. Nc3 Bxb5 19. Nxb5 Qd3 20. Qb1 Ra5 21. Nbd4 Nxd4 22. Nxd4 Rd8 23. Rd1 Qxb1 24. Rdxb1 Rd5 25. Nf3 f6 26. Bxc5 1/2-1/2

[Event "GER Cup19 sf20 serv"]
[Site "GER email"]
[Date "2013.07.14"]
[Round "?"]
[White "Kaiser, Elmar"]
[Black "Sabel, Reinhard"]
[Result "1/2-1/2"]
[WhiteElo "1901"]
[BlackElo "2115"]
[PlyCount "118"]
[EventDate "2013.07.20"]
[EventType "tourn (corr)"]
[EventRounds "6"]
[EventCountry "GER"]
[SourceTitle "Corr 2020"]
[Source "ChessBase"]
[SourceDate "2019.09.30"]
[SourceVersion "1"]
[SourceVersionDate "2019.09.30"]
[SourceQuality "1"]

1. c4 e6 2. d4 d5 3. Nc3 Nf6 4. Bg5 Nbd7 5. e3 c6 6. Nf3 Be7 7. Rc1 0-0 8. Bd3 dxc4 9. Bxc4 Nd5 10. Bxe7 Qxe7 11. Ne4 e5 12. dxe5 Nxe5 13. Nxe5 Qxe5 14. Bxd5 cxd5 15. Nc3 Be6 16. Qd4 Qxd4 17. exd4 Rac8 18. Kd2 Rc4 19. Ne2 Rfc8 20. Rxc4 Rxc4 21. b3 Rc6 22. Re1 f6 23. f3 Kf7 24. h4 Ra6 25. Nc3 h5 26. Rc1 Rc6 27. Rg1 g6 28. Re1 Ra6 29. Rc1 Rc6 30. Re1 Ra6 31. Rc1 Rc6 32. Ke3 Bf5 33. Ne2 Rxc1 34. Nxc1 Bb1 35. Kf4 Kg7 36. a3 b6 37. Ne2 Bc2 38. b4 Bb3 39. Nc3 a6 40. Ne2 Bc4 41. Nc3 Bb3 42. g4 Kh6 43. Kg3 g5 44. f4 gxh4+ 45. Kxh4 hxg4 46. Kxg4 Kg6 47. f5+ Kf7 48. Kf4 Ke7 49. Kg4 a5 50. Kh5 axb4 51. axb4 Kf7 52. Nb5 Kg7 53. Nc7 Kf7 54. Na8 b5 55. Nc7 Bc4 56. Ne6 Bd3 57. Kg4 Bf1 58. Nc7 Bc4 59. Ne6 Bf1 1/2-1/2